000 00500nam a2200181Ia 4500
005 20250508153232.0
008 008 250505s9999 xx 000 0 eng d
037 _aTextual
040 _aFEDL
_beng
_cFEDL
041 _aeng
_2eng
084 _a320, DWA
_qFEDL
100 _aDwarkadas R.
245 0 _aStudies in current world politics
260 _aDelhi, India
_bFraink Brothers and Company
_c1962
300 _aiii,168p.
942 _cTEXL
_h320, DWA
999 _c1341438
_d1341438